| 000 | 00471nam a22001577a 4500 | ||
|---|---|---|---|
| 005 | 20240802121702.0 | ||
| 008 | 240802b |||||||| |||| 00| 0 eng d | ||
| 041 | _aEnglish/Afrikaans | ||
| 082 | _a349 NAT | ||
| 100 | _lEnglish/Afrikaans | ||
| 245 | _aSouth African Law Reports: Natal | ||
| 260 |
_aJohannesburg: _bDigma Publications, _c1908 |
||
| 300 |
_blxxiii, 780 pages; _c24 cm. |
||
| 650 |
_aLegal practice _bLaw |
||
| 942 |
_cBK _6ALISON_BN_VRIES |
||
| 999 |
_c2397 _d2397 |
||